FIGLI DELLA VIOLENZA (I) (Record no. 106420)

MARC details
000 -LEADER
fixed length control field 01879agaaa2200349 4500
001 - CONTROL NUMBER
control field 1479
003 - CONTROL NUMBER IDENTIFIER
control field IT-RoPAU
005 - DATE AND TIME OF LATEST TRANSACTION
control field 20220918181245.0
007 - PHYSICAL DESCRIPTION FIXED FIELD--GENERAL INFORMATION
fixed length control field d cvaizq
008 - FIXED-LENGTH DATA ELEMENTS--GENERAL INFORMATION
fixed length control field 50131s9999||||xx ||| | || ||und||
040 ## - CATALOGING SOURCE
Original cataloging agency IT-RoPAU
Transcribing agency IT-RoPAU
041 ## - LANGUAGE CODE
Language code of text/sound track or separate title ITALIANO
100 ## - MAIN ENTRY--PERSONAL NAME
Personal name Bunuel Luis
Miscellaneous information Codice regista SPICS: 8694
9 (RLIN) 36748
130 ## - MAIN ENTRY--UNIFORM TITLE
Uniform title FIGLI DELLA VIOLENZA (I)
9 (RLIN) 46795
240 ## - UNIFORM TITLE
Uniform title OLVIDADOS (LOS)
Miscellaneous information T1226
245 ## - TITLE STATEMENT
Title FIGLI DELLA VIOLENZA (I)
Statement of responsibility, etc. Prodotto da: Lombroso Henry -- Sceneggiatura: Carles Jose' B. -- Diretto da: Bunuel Luis
Name of part/section of a work FIGLI DELLA VIOLENZA (I) (Rif. Codice opera principale : 21479)
246 ## - VARYING FORM OF TITLE
Title proper/short title OLVIDADOS (LOS)
250 ## - EDITION STATEMENT
Edition statement Edizione Standard
260 ## - PUBLICATION, DISTRIBUTION, ETC. (IMPRINT)
Place of publication, distribution, etc. MESSICO (MESSICO)
Name of publisher, distributor, etc. ULTRAMAR FILM / Distribuzione: RAI
Date of manufacture "1950 (1° ed.: 2001 ; Ed. Lingua Orig.: 1950)"
300 ## - PHYSICAL DESCRIPTION
Extent VHS
Other physical details sonoro, b&w
Dimensions 90 minuti
508 ## - CREATION/PRODUCTION CREDITS NOTE
Creation/production credits note "Fotografia: Figueroa Gabriel; Montaggio: Claridge W.W.; Musica: Pittaluga Gustavo; Sceneggiatura: Carles Jose' B.; Scenografia: Fitzgerald Edward; Soggetto: Bunuel Luis -- Alcariza L."
511 ## - PARTICIPANT OR PERFORMER NOTE
Participant or performer note "Inda Estela; Inclan Miguel; Mejia Alfonso; Cobo Roberto; Fuentes Alma; Delia"
520 ## - SUMMARY, ETC.
Summary, etc. FILM IN BIANCO E NERO PRESENTATO AL FESTIVAL DI CANNES NEL 1951 DOVE OTTENNE IL PREMIO PER LA MIGLIOR REGIA QUESTO FILM-E'-BASATO-SU-FATTI-REALMENTE-ACCADUTI IGNORANZA MISERIA RIFORMATORIO ADOLESCENTI-CHE-SI-RENDONO-RESPONSABILI-DI-FURTI-UCCISIONI-E-CRIMINI-COMUNI
538 ## - SYSTEM DETAILS NOTE
System details note PAL, STEREO
546 ## - LANGUAGE NOTE
Language note ITALIANO
650 ## - SUBJECT ADDED ENTRY--TOPICAL TERM
Topical term or geographic name as entry element DRAMMA SOCIALE
Relator term FILMS [VHS]
General subdivision Codice MATERIA SPICS: 9960
9 (RLIN) 36988
700 ## - ADDED ENTRY--PERSONAL NAME
Personal name Alcariza L.
Relator term (soggetto)
Miscellaneous information Codice Soggetto 2° SPICS: 28821
9 (RLIN) 46796
700 ## - ADDED ENTRY--PERSONAL NAME
Personal name Bunuel Luis
Relator term (regista)
Miscellaneous information Codice regista SPICS: 8694
9 (RLIN) 36748
700 ## - ADDED ENTRY--PERSONAL NAME
Personal name Bunuel Luis
Relator term (soggetto)
Miscellaneous information Codice Soggetto SPICS: 8694
9 (RLIN) 46797
700 ## - ADDED ENTRY--PERSONAL NAME
Personal name Pittaluga Gustavo
Relator term (musica)
Miscellaneous information Codice Musica SPICS: 28823
9 (RLIN) 46798
942 ## - ADDED ENTRY ELEMENTS (KOHA)
Koha item type VHS - VIDEO
Source of classification or shelving scheme Dewey Decimal Classification
Holdings
Withdrawn status Lost status Damaged status Not for loan Home library Current library Date acquired Total Checkouts Full call number Date last seen Price effective from Koha item type Public note
    Buone Condizioni Not For Loan SPICS-MEDIATECA SPICS-MEDIATECA 31/01/2015   21479 31/01/2015 31/01/2015 VHS - VIDEO Progr. Ins.: 1275 / N.Vol.:1 / Copie: 2 / Pag.:0 / Copia rara: n.d. / date import: 1.2.2015 / By Epidotti, Trombetti, Vaglietti
CREDITS: SOCIETA' SAN PAOLO Via A.Severo, 58 - ROMA (RM) & PERIODICI SAN PAOLO SRL Via Giotto, 36 MILANO & CISF Via Giotto, 36 MILANO & EDIZIONI SAN PAOLO SRL,  Piazza Soncino, 5 CINISELLO BALSAMO (MI) -- ITALY